LEADER 01755cam0-22004811i-450- 001 990003363250403321 005 20080305092546.0 010 $a88-221-0401-3 035 $a000336325 035 $aFED01000336325 035 $a(Aleph)000336325FED01 035 $a000336325 100 $a20030910d1987----km-y0itay50------ba 101 1 $aita$ceng 102 $aIT 105 $ay-------001yy 200 1 $aOsservazioni naturali e politiche fatte sui bollettini di mortalitą con riferimento al governo, alla religione, al commercio, alla crescita, all'atmosfera, alle malattie e ai diversi mutamenti della cittą di Londra (1662)$fJohn Graunt$ga cura di Enzo Lombardo 210 $aFirenze$cLa nuova Italia$d1987 215 $aXXXV, 121 P.$d18 cm 225 1 $aBiblioteca di cultura$v161 454 0$12001$aNatural and political observations mentioneted in a following index, and made upon the bills of mortality$948381 610 0 $aLondra$aMortalitą 610 0 $aDemografia 676 $a304.6 700 1$aGraunt,$bJohn$f<1620-1674>$0103083 702 1$aLombardo,$bEnzo 801 0$aIT$bUNINA$gRICA$2UNIMARC 901 $aBK 912 $a990003363250403321 952 $aSDI-KF 624$b754$fSDI 952 $aGRA 304.6B$b7914B$fDECBC 952 $aGRA 304.6C$b7914D$fDECBC 952 $aGRA 304.6A$b7889C$fDECBC 952 $aGRA 304.D$b7914A$fDECBC 952 $aGRA 304.6F$b7914C$fDECBC 952 $aGRA 304.6E$b7889B$fDECBC 952 $aXXIII-B-40$b503$fMAS 952 $aXXIII-B-41$b503/a$fMAS 952 $aXXIII-B-42$b503/b$fMAS 959 $aDECBC 959 $aSDI 996 $aNatural and political observations mentioneted in a following index, and made upon the bills of mortality$948381 997 $aUNINA LEADER 00928nam 2200349 450 001 9910150486603321 005 20230213222757.0 010 $a1-5040-4169-0 035 $a(CKB)3710000000939545 035 $a(MiAaPQ)EBC4734248 035 $a(EXLCZ)993710000000939545 100 $a20161121h19731973 uy 0 101 0 $aeng 135 $aurcnu|||||||| 181 $2rdacontent 182 $2rdamedia 183 $2rdacarrier 200 14$aThe whispering land /$fGerald Durrell 210 1$aNew York :$cOpen Road Media,$d1973. 210 4$d©1973 215 $a1 online resource (134 pages) 606 $aWild animal collecting$zArgentina 615 0$aWild animal collecting 676 $a590.73 700 $aDurrell$b Gerald$0163665 801 0$bMiAaPQ 801 1$bMiAaPQ 801 2$bMiAaPQ 906 $aBOOK 912 $a9910150486603321 996 $aThe whispering land$93005476 997 $aUNINA